000
00341 a2200157 4500
001
59823
020
_a
3789135054
040
_c
Anchieta - Pituba
100
_a
Fessel, Karen-Susan
240
1
0
_a
Stein gesicht
_l
por
245
1
0
_a
Stein gesicht
300
_a
175
362
0
_a
2001
650
4
_a
Literatura juvenil em alemão
942
_c
BK
999
_c
59823
_d
59823